000 00687nam a2200253Ia 4500
001 25835
005 20240114000859.0
007 ta
008 060429s1988 g b000 u 465 u
040 _aCotton College,Assam
041 _a465
082 _a547.7
_bCh 39 Or
100 _aChatwal, Gurdeep R. .
245 0 _aOrganic Chemistry of Natural Products Vol. 1 /
_cGurdeep R.Chatwal.
_hTextual Documents
250 _a3rd ed. /
260 _aBombay :
_bHimalaya Publishing ,
_c1988.
300 _a671p. ;
_c22cm.
653 _aOrganic Chemistry
653 _aG-Chemistry
700 _aArora, M. .
942 _2ddc
_cBK
999 _c25817
_d25817